LEADER 01290nam0 22003011i 450 001 UON00267983 005 20231205103743.86 010 $a18-977471-5-2 100 $a20051018d2003 |0itac50 ba 101 $aeng 102 $aGB 105 $a|||| ||||| 200 1 $aCommunity and the state in Lusophone Africa$epapers read at the conference on New Research on Lusophone Africa held at King's College London, 16-17 may 2002$fedited by Malyn Newitt$gwith Patrick Chabal and Norrie Macqueen 210 $aLondon$cKing's College London, Shool of Humanities$d2003 215 $axvi, 184 p.$d21 cm 606 $aAfrica$xPolitica e governo$3UONC019254$2FI 620 $aGB$dLondon$3UONL003044 676 $a321.0096$cStato - Africa$v21 702 1$aCHABAL$bPatrick$3UONV043277 702 1$aMACQUEEN$bNorrie$3UONV055335 702 1$aNEWITT$bMalyn$3UONV050951 712 $aKing's College London$3UONV266626$4650 801 $aIT$bSOL$c20250627$gRICA 899 $aSIBA - SISTEMA BIBLIOTECARIO DI ATENEO$2UONSI 912 $aUON00267983 950 $aSIBA - SISTEMA BIBLIOTECARIO DI ATENEO$dSI ST 432 $eSI AA 27663 5 432 996 $aCommunity and the state in Lusophone Africa$91240688 997 $aUNIOR LEADER 01383nam0 22003373i 450 001 NAP0469592 005 20251003044252.0 010 $a0201157675 100 $a20090911d2006 ||||0itac50 ba 101 | $aeng 102 $aus 181 1$6z01$ai $bxxxe 182 1$6z01$an 200 1 $aGenetic algorithms in search, optimization, and machine learning$fDavid E. Goldberg 210 $aBoston [etc.]$cAddison-Wesley$dstampa 2006 215 $aXIII, 412 p.$cill.$d25 cm 300 $aBibliografia: P. [381]-401. 606 $aIntelligenza artificiale$2FIR$3CFIC006750$9E 676 $a006.3$9INTELLIGENZA ARTIFICIALE$v14 676 $a006.31$9Intelligenza artificiale. Apprendimento da parte della macchina (Apprendimento automatico)$v22 696 $aIA 699 $aIntelligenza artificiale$yIA 700 1$aGoldberg$b, David Edward$f <1953- >$3MILV165981$4070$022915 801 3$aIT$bIT-000000$c20090911 850 $aIT-BN0095 901 $bNAP 01$cSALA DING $n$ 912 $aNAP0469592 950 0$aBiblioteca Centralizzata di Ateneo$b1 v.$c1 v.$d 01SALA DING 006.3 GOL.ge$e 0102 0000074175 VMA A4 1 v.$fY $h20090909$i20090909 977 $a 01 996 $aGenetic algorithms in search, optimization and machine learning$9134626 997 $aUNISANNIO